Georgia in the Eurovision Song Contest - Statistics

General Stats
  • This quiz has been taken 18 times
    4 since last reset
  • The average score is 8 of 18
Answer Stats
Answer % Correct
Firefighter
100%
Freedom
100%
On Replay
100%
Echo
67%
Keep the Faith
67%
Lock Me In
67%
Three Minutes to Earth
67%
Warrior
67%
You
67%
For You
33%
Keep On Going
33%
Shine
33%
Waterfall
33%
I'm A Joker
0%
Midnight Gold
0%
One More Day
0%
Peace Will Come
0%
Visionary Dream
0%
No matching quizzes found
Score Distribution
Percent of People with Each Score
Percentile by Number Answered
Your Score History
You have not taken this quiz since the last reset